LEADER 01179nam a2200265 u 4500 001 000000037406 003 CaOOAMICUS 005 20070226113748.0 008 980407s1930 it u000 u ita u 035 $a10789390 040 $aPUL(R)$bita 100 1 $aPaoli, Giulio.$0(OLS)http://pul/name/27990 245 13$aLe circostanze di reato nel progetto definitivo di Codice penale /$cGiulio Paoli. 260 $aRoma :$bIstituto di studi legislativi,$c1930. 300 $a26 p. ;$c24 cm 500 $aEstratto dall'Annuario di diritto comparato e studi legislativi, v. VI, p. 1 (Dottrina e giurisprudenza). 504 $aBibliografia in nota. 650 4$aDiritto penale.$0(OLS)http://pul/subject/1808 850 $aPUL 852 $aPUL$W1$xDP1 Miscellanee$y10$mMiscell.A.Borettini.115$j51094$nBK-PRI$b $qStampati Miscellanee$B51094$CPULBib$Z2$F51094 $H $81 941 1 $a17 960 $aPena (diritto)$91808 960 $aPena (diritto)$91808 996 $6245$aLe circostanze di reato nel progetto definitivo di Codice penale$9(OLS)http://pul/title/50937 996 $6260$aRoma :$bIstituto di studi legislativi$9(OLS)http://pul/publisher/63300 LEADER 01426nam a2200337 u 4500 001 000000055075 003 CaOOAMICUS 005 20070226115738.0 008 010115s1995 it u000 u ita u 020 $a8838237301 035 $a10865506 040 $aPUL(R)$bita$dPUL(R) 100 1 $aMoscone, Maurizio.$0(OLS)http://pul/name/38870 245 10$aFilosofia ermeneutica oggi /$cMaurizio Moscone ; prefazione di Dario Antiseri. 260 $aRoma :$bEdizioni Studium,$c1995. 300 $a163 p. ;$c19 cm 490 1 $aNuova universale Studium ;$v77 500 $aContiene indici, 504 $aBibliografia a pič pagina. 650 4$aErmeneutica.$0(OLS)http://pul/subject/438 700 1 $aAntiseri, Dario,$d1940-$0(OLS)http://pul/name/1978 830 0$aNuova universale Studium ;$v77.$0(OLS)http://pul/title/109 850 $aPUL 852 $aPUL$W1$xDP1 Fondo Giannini$y60$m1562 C 28$j72475$nBK-PRI$b $qFondi$B72475$CPULBib$Z2$F72475 $H $81 852 $aPUL$W1$xSL Religione 1$y3$m57 L 83$j72476$nBK-PRI$b $qStampati$B72476$CPULBib$Z2$F72476 $H $81 941 1 $a1 961 $aINV: Fondo Giannini 961 $aINV: 74374 996 $6020$a8838237301$9(OLS)http://pul/number/69298 996 $6245$aFilosofia ermeneutica oggi$9(OLS)http://pul/title/73787 996 $6260$aRoma :$bEdizioni Studium$9(OLS)http://pul/publisher/49092